Sports Quiz

Random Sports or NFL Quiz
Score 0/19 Timer 06:00
0 Plays Today
Hint Answer % Correct
QBquarter back
99.1%
RBrunning back
95.2%
WRwide receiver
94.7%
TEtight end
94.7%
Kkicker
91.2%
DEdefensive end
89.5%
Ccenter
88.2%
MLBmiddle linebacker
87.3%
Ppunter
87.3%
DTdefensive tackle
86.8%
Hint Answer % Correct
OToffensive tackle
85.1%
CBcorner back
85.1%
Ssafety
84.6%
OGoffensive guard
83.8%
KRkick returner
82%
PRpunt returner
81.6%
OLBoutside linebacker
77.2%
Hholder
60.1%
LSlong snapper
59.2%

You're not logged in!

Compare scores with friends on all Sporcle quizzes.
OR
Log In

Sporcle TV

Today on Sporcle TV


Watch our educational content, quiz creation guides, and fun videos on Sporcle TV.

Show Comments

Extras

Created Oct 24, 2013ReportNominate
Tags:NFL Quiz

Top Quizzes Today


Score Distribution

Paid Content

Your Account Isn't Verified!

In order to create a playlist on Sporcle, you need to verify the email address you used during registration. Go to your Sporcle Settings to finish the process.

Report this User

Report this user for behavior that violates our Community Guidelines.

Details: